| 000 | 00459nam a2200181Ia 4500 | ||
|---|---|---|---|
| 008 | 230516s xx 000 0 und d | ||
| 041 | _aeng | ||
| 082 |
_a571.64 _bRAL/DEN |
||
| 100 | _aRALPH BRADSHAW, DENNIS E. A. | ||
| 245 | _aHANDBOOK OF CELL SIGNALING VOL 1 (3 VOLUME SET) | ||
| 250 | _a1ST | ||
| 260 |
_aCALIDORNIA U.S.A. _bACADEMIC PRESS |
||
| 300 | _a747 | ||
| 365 | _h5 | ||
| 500 | _aHB | ||
| 520 | _aP & T | ||
| 650 | _aPharmacology & Toxiocology | ||
| 999 |
_c384373 _d384373 |
||